000 00525nam a2200181Ia 4500
003 GCL
008 140319s9999 xx 000 0 ara d
040 _aGCL /
_cGCL
082 0 4 _a253
_bا ع
100 1 _aاحمد يوسف
245 1 0 _aعقود المفاوضات المالية فى ضوء احكام الشريعة الاسلامية /
_cاحمد يوسف
300 _a320 ص
490 _a
650 0 4 _aالاسلام
650 0 4 _aالفقه الاسلامى
650 0 4 _aالمعاملات
942 _2ddc
_cBK
999 _c41682
_d41682